Guess the Olivia Rodrigo Song with No Hints - 2 - Statistics

General Stats
  • This quiz has been taken 266 times
  • The average score is 181 of 273
Answer Stats
% Correct
I
99%
a
94%
you
90%
the
86%
my
84%
me
83%
love
80%
so
79%
And
78%
and
78%
be
78%
to
78%
your
78%
it
77%
where
77%
That
75%
that
75%
I'm
74%
like
73%
no
73%
Of
73%
of
73%
was
73%
who
71%
all
70%
All
70%
am
70%
don't
70%
in
70%
is
70%
know
70%
not
70%
hate
69%
can
68%
want
68%
did
67%
it's
67%
one
67%
think
67%
But
66%
this
66%
This
66%
brutal
65%
up
65%
can't
64%
here
64%
if
64%
If
64%
They
64%
for
62%
out
62%
try
62%
are
61%
before
61%
dream
61%
even
61%
fucking
61%
Got
61%
have
61%
new
61%
teenage
61%
best
60%
every
60%
get
60%
God
60%
life
60%
start
60%
17
59%
'Cause
59%
die
59%
I'll
59%
people
59%
sick
59%
cry
58%
likes
58%
smart
58%
could
57%
drink
57%
gonna
57%
more
57%
time
57%
Where's
57%
wish
57%
cool
56%
hates
56%
kind
56%
song
56%
way
56%
friends
55%
might
55%
someone
55%
Enjoy
54%
job
54%
Quit
54%
tired
54%
write
54%
youth
54%
disappointed
53%
insecure
53%
myself
53%
park
53%
Ego
52%
ego
52%
exploited
52%
parallel
52%
tells
52%
caught
51%
done
51%
I'd
51%
liked
51%
real
51%
say
51%
two
51%
news
50%
anxious
49%
disappear
49%
golden
49%
only
49%
crush
48%
heart
48%
help
48%
years
48%
feel
47%
upset
47%
severe
46%
these
46%
nervous
45%
stick
45%
they'd
45%
broken
44%
lately
44%
nothing
44%
thanks
44%
wreck
43%
perceived
41%
wants
40%
messy
38%
ah
36%
Unrelentlessly
31%
No matching quizzes found
Score Distribution
Percent of People with Each Score
Percentile by Number Answered
Your Score History
You have not taken this quiz